header

Conservatives versus wildcats (Record no. 41342)

MARC details
000 -LEADER
fixed length control field 01525nam a2200349Ia 4500
100 1# - MAIN ENTRY--AUTHOR NAME
Personal name Polillo, Simone,
245 10 - TITLE STATEMENT
Title Conservatives versus wildcats
260 ## - PUBLICATION, DISTRIBUTION, ETC. (IMPRINT)
Place of publication Stanford, California :
Name of publisher Stanford University Press,
Year of publication 2013.
300 ## - PHYSICAL DESCRIPTION
Number of Pages viii, 297 p. :
Other physical details ill.
650 #0 - SUBJECT ADDED ENTRY--TOPICAL TERM
Topical Term Banks and banking
Topical Term Credit
Topical Term Finance
Topical Term Banks and banking
Topical Term Banks and banking
856 40 - ELECTRONIC LOCATION AND ACCESS
Uniform Resource Identifier http://site.ebrary.com/lib/rucke/Doc?id=10718270

No items available.

© 2026 Rongo University
Contact us: librarian | system librarian | Rongo university